[Event "ICS Rated blitz match"]
[Site "207.99.83.229"]
[Date "1999.06.30"]
[Round "?"]
[White "Hossa"]
[Black "SubtleOne"]
[Result "0-1"]
[WhiteElo "2442"]
[BlackElo "2600"]
[Annotator "Fritz 5.32 (22s)"]
[PlyCount "131"]

1. d4 1... d5 {Opening = D11 - 3.Nf3(Nf6 4.e3 ---)} 2. c4 c6 3. Nf3 Nf6 4. g3
Bg4 5. Bg2 e6 6. Qb3 $146 (6. O-O Be7 (6... Nbd7 7. Nbd2 Be7 (7... Bd6 8. b3
O-O 9. Bb2 Qe7 10. Qc2 (10. Ne5 Bf5 11. Rc1 Rfd8 12. e3 Bxe5 13. dxe5 Ng4 14.
Nf3 dxc4 15. bxc4 Nc5 16. Nd4 Nxe5 17. Qh5 Ned3 18. Nxf5 exf5 19. Rb1 Nxb2 20.
Rxb2 g6 21. Qe2 Rd7 22. Rfb1 Rad8 23. h4 h5 24. Bf3 24... Qe5 {
Pozuelo,J-Beulen,M/Belfort op 1989/0-1 (38)}) 10... e5 11. e4 dxe4 12. Nxe4
Nxe4 13. Qxe4 f5 14. Qc2 e4 15. Rfe1 Rae8 16. Nd2 Qg5 17. Nf1 Qh5 18. Ne3 Bf3
19. c5 Bc7 20. Qc4+ Kh8 21. Qf1 f4 22. Nc4 {
Mamedova,L-Haslinger,M/EuYouth U18 Girls, Tallinn EST 1997/0-1 (33)}) 8. b3 O-O
9. Bb2 h6 10. Re1 a5 11. a3 Qb6 12. e4 dxe4 13. Nxe4 Rfd8 14. h3 Bf5 15. Nc3
Bh7 16. Bc1 e5 17. Be3 exd4 18. Bxd4 Bc5 19. Ra2 Bxd4 20. Nxd4 Nc5 21. Nce2 {
Minero,S-Borges Mateos,J/It, Ciego de Avila CUB 1996/0-1 (46)}) 7. Nc3 (7. b3
O-O 8. Ne5 Bf5 9. Bb2 Nbd7 10. Nd2 Bd6 11. Re1 Bxe5 12. dxe5 Ng4 13. cxd5 cxd5
14. e4 Qb6 15. Qe2 dxe4 16. Nc4 Qa6 17. h3 Nh6 18. g4 Bg6 19. h4 f5 20. exf6
gxf6 21. h5 Bf7 22. Bc1 Kg7 23. Qxe4 Rab8 24. Rd1 Rfd8 25. Bxh6+ Kxh6 26. Rxd7
Rxd7 27. Qf4+ Kg7 28. h6+ {1-0 Ribeiro,R-Ramon,V/Dubai olw 1986 (28)}) 7...
Bxf3 8. Bxf3 O-O 9. b3 Nbd7 10. Bb2 Rb8 11. e4 dxe4 12. Nxe4 Nxe4 13. Bxe4 Nf6
14. Bg2 Qa5 15. a3 Rfd8 16. Qe2 Qf5 17. Rfd1 Re8 18. Rd2 Bd6 19. Re1 h5 20. Qd3
20... Qg5 {Da Silva,L-Schlag,F/Bad Woerishofen 1992/ - (71)}) 6... Qc8 7. Bg5
Ne4 8. Ne5 (8. Bf4 8... Nd7 $14) 8... Bf5 9. Bf4 9... f6 {Kontrolliert g5} 10.
Nd3 g5 11. Bxb8 Rxb8 12. O-O 12... Bg7 $14 (12... dxc4 13. Qxc4 Qd7 14. Qa4 $11
) 13. Qb4 $11 {Schwarz kann nicht kurz rochieren} (13. cxd5 exd5 14. Re1 14...
Be6 $14) 13... a5 $14 (13... Bf8 $5 {muss beachtet werden} 14. c5 14... b6 $11)
14. Qxa5 dxc4 15. Nc5 b6 16. Qa7 bxc5 17. Qxg7 Rf8 18. g4 $11 (18. Nc3 Nxc3 19.
bxc3 19... Rf7 $11) 18... Bg6 19. Nc3 $15 {
Der weisse Springer als Blockadefigur} (19. Bxe4 Bxe4 20. dxc5 20... e5 $11)
19... Rb7 20. Qh6 Nxc3 21. bxc3 cxd4 22. cxd4 Rb2 (22... e5 23. dxe5 Qxg4 24.
Rfd1 $11) 23. Rfc1 e5 24. Rxc4 {Greift den Isolani c6 an} (24. h3 Qe6 (24...
Rxe2 $143 25. Rxc4 e4 26. Rac1 $16) (24... exd4 25. Rxc4 c5 26. Rac1 $18) 25.
e3 25... Rf7 $14) 24... Qxg4 25. Ra4 (25. Rxc6 $2 {ist nicht spielbar} 25...
Be4 $1 {huebsch} (25... Rxe2 {ist schnell zu verwerfen} 26. Rac1 Rf7 27. dxe5
$14) (25... Qxe2 {ist sichtlich schlechter} 26. Rc8+ Kd7 27. Bh3+ g4 28. Qh4
gxh3 29. Rxf8 $14) 26. Rc8+ Qxc8 27. Bxe4 Qg4+ 28. Bg2 28... Rf7 $19) 25... Rf7
26. e3 26... Be4 {Mit der Mattdrohung Qxg2} 27. Ra8+ Ke7 28. Qh3 28... Qxh3 {
Droht Matt: Qxg2} 29. Bxh3 29... c5 $14 (29... exd4 $5 {
ist eine gute Alternative} 30. exd4 30... f5 $15) 30. Ra7+ Kf8 31. Rxf7+ Kxf7
32. dxc5 Rc2 33. Bg2 $11 (33. a4 Rxc5 34. a5 34... Rc7 $14) 33... Bxg2 34. Kxg2
34... Ke6 $14 (34... Rxc5 $5 {ist interessant} 35. a4 35... Ra5 $11) 35. e4 $11
(35. a4 $5 $14 {ist nicht von der Hand zu weisen}) 35... Rxc5 36. a4 Ra5 37.
Kf3 (37. Kg3 37... f5 $11) 37... f5 (37... h5 38. h4 $11) 38. Ke3 f4+ 39. Kd3
g4 40. Kc4 h5 41. Kb4 Ra8 42. a5 42... Rb8+ $14 (42... Kd6 $5 $11) 43. Ka4 $15
(43. Kc5 $5 $142 {kam sehr in Betracht} 43... Rc8+ 44. Kb6 Rb8+ 45. Kc7 $16)
43... Kd6 44. Ka3 $17 (44. a6 44... Kc5 $15) 44... Kc5 $15 (44... Rb5 45. a6
Ra5+ 46. Kb2 Rxa1 47. Kxa1 $19) 45. Rd1 $17 (45. a6 Ra8 46. Kb3 46... Kb6 $17)
45... Kc4 46. Rc1+ Kd3 47. Ra1 Kxe4 48. Re1+ Kd4 49. Rd1+ Kc4 50. Re1 50... Kd5
$17 (50... Rb5 51. Ka4 Rb2 52. Ka3 Rxf2 53. a6 $17) 51. Rd1+ Kc5 52. Re1 Re8
53. Ka4 e4 54. Rc1+ Kd5 55. Rd1+ $19 (55. a6 55... h4 $17) 55... Kc4 56. a6
56... e3 {Schwarz entwickelt eine toedliche Initiative} 57. Rc1+ Kd3 58. fxe3
fxe3 (58... Rxe3 $6 59. Rd1+ Ke2 60. Rd5 $19) 59. Rd1+ Kc2 60. Ra1 (60. Re1 {
macht keinen grossen Unterschied} 60... Kd2 61. Ra1 61... e2 $19) 60... e2 61.
Re1 61... Kd2 {Es droht Matt} 62. Ra1 62... e1=Q {Droht Matt: Qxa1} 63. Rxe1
Rxe1 64. Kb5 64... Ra1 {Mit der Drohung h4} 65. Kb6 Rxa6+ 66. Kc5 0-1

[Event "ICS rated blitz match"]
[Site "207.99.83.229"]
[Date "1999.06.30"]
[Round "?"]
[White "SubtleOne"]
[Black "Hossa"]
[Result "1-0"]
[WhiteElo "2606"]
[BlackElo "2434"]
[Annotator "Fritz 5.32 (22s)"]
[PlyCount "98"]

1. d4 1... d5 {Opening = D47 - -> 6.e3 dc4 7.Bc4 (b5 8.Bd3 ---)} 2. c4 c6 3.
Nf3 Nf6 4. Nc3 e6 5. e3 Nbd7 6. Bd3 dxc4 7. Bxc4 b5 8. Bd3 Bb7 9. e4 b4 10. Na4
Be7 (10... c5 11. e5 Nd5 12. dxc5 Nxc5 13. Nxc5 Bxc5 14. O-O h6 15. Nd2 Qc7 16.
Re1 Rd8 17. Ne4 Be7 18. Ng3 g6 19. Bd2 Kf8 20. Qe2 Kg7 21. Rac1 Qb6 22. Red1 a5
23. h3 a4 24. Bb5 Bg5 25. Bxa4 Nf4 26. Bxf4 Bxf4 27. Rc4 Bxg3 28. Rg4 Qa5 29.
Rxd8 Rxd8 30. Bb5 Qxb5 31. Qxb5 Rd1+ 32. Qf1 Bh2+ 33. Kxh2 Rxf1 34. Rxb4 34...
Bd5 {0-1 Sashikiran,K-Dreev,A/Linares ESP 1999 (34)}) 11. O-O O-O (11... c5 12.
e5 Nd5 13. dxc5 Rc8 14. Bd2 O-O 15. a3 a5 16. Qb1 h6 17. Qe1 Bc6 18. Qe4 g6 19.
Qg4 Kg7 20. axb4 Nxb4 21. Bb1 Bxf3 22. Qxf3 Nxc5 23. Rd1 Nxa4 24. Rxa4 Qc7 25.
Be4 Rfd8 26. Raa1 {Nenashev,A-Gurevich,M/Open, Groningen NED 1997/1-0 (78)})
12. Re1 $146 {Jetzt haengt e5 in der Luft} (12. Qc2 12... e5 $14) 12... c5 13.
e5 {Raumvorteil. Weiss erhaelt starke Initiative} 13... Nd5 14. Bd2 N5b6 15.
Nxb6 Nxb6 16. Qc2 16... cxd4 $14 (16... Bxf3 17. dxc5 Bxc5 18. gxf3 18... Rc8
$17) 17. Bxh7+ Kh8 18. Be4 Bxe4 (18... d3 19. Qb1 (19. Qxd3 $143 19... Qxd3 20.
Bxd3 20... Bxf3 $17) 19... Rb8 20. Re3 $14 (20. Qxd3 $143 20... Qxd3 21. Bxd3
21... Bxf3 $17)) 19. Rxe4 d3 20. Qb3 (20. Qb1 Qc7 21. Bxb4 Rfd8 22. Bxe7 22...
Qxe7 $18) 20... Rc8 (20... Qd5 $5 21. Rd4 Qxb3 22. axb3 22... Rfd8 $14) 21. Rd4
Nd5 (21... Qc7 22. Bxb4 Bxb4 23. Qxb4 $18) 22. Qxd3 Kg8 23. Rc4 Rxc4 24. Qxc4
Kh8 (24... f6 25. Qc6 Qb6 26. Qxb6 axb6 27. exf6 Bxf6 28. Re1 $16) 25. Qg4 Qd7
26. Ng5 {Droht Matt} 26... Bxg5 27. Qxg5 Kg8 28. Qg4 a5 29. Re1 f5 30. exf6
Rxf6 31. Qd4 Qa4 32. Qc4 Nb6 33. Qb3 $16 (33. Qc7 Nd5 34. Qc8+ 34... Kh7 $18)
33... Qd7 $18 (33... Qxb3 $5 34. axb3 34... Nd7 $16) 34. Bg5 Rg6 (34... Rf5 35.
Qxe6+ (35. Rxe6 $6 35... Nd5 36. Ra6 36... Rxg5 $11) 35... Qxe6 36. Rxe6 $16)
35. h4 Nd5 (35... Qd5 36. Qc2 Qf5 37. Qc7 $18) 36. Qd3 Qf7 37. Re5 Nf6 (37...
a4 38. h5 Rxg5 39. Rxg5 $18) 38. Rxa5 Qe8 39. g4 (39. h5 $5 $142 {
erleichterte Weiss die Gewinnfuehrung} 39... Nxh5 40. Ra8 Qxa8 41. Qxg6 Kf8 42.
Qxh5 42... Qxa2 $18) 39... Nh7 (39... e5 40. f3 $18) 40. Qe4 Qf7 41. f4 Nf6 (
41... e5 {die letzte Gegenchance} 42. fxe5 42... Nf8 $18) 42. Ra8+ Ne8 43. Qc6
Kf8 44. Qd6+ Kg8 45. Qb8 Rxg5 46. fxg5 Kf8 47. Qxb4+ Kg8 (47... Qe7 {
holt die Kuh nicht vom Eis} 48. Rxe8+ Kxe8 49. Qxe7+ Kxe7 50. h5 $18) 48. Rd8 (
48. Qb5 Kh7 49. Qxe8 Qxe8 50. Rxe8 Kg6 51. Re7 e5 52. Kf2 Kh7 53. Kg3 e4 54. h5
Kg8 55. g6 Kf8 56. Rxe4 Kg8 57. Re8#) 48... Qg6 (48... e5 {
hilft allerdings auch nicht} 49. Qd6 Qa7+ 50. Kf1 Qf7+ 51. Ke1 $18) 49. Qb5 (
49. h5 {ginge schneller} 49... Qb1+ 50. Kg2 Qc2+ 51. Kf3 Qc6+ 52. Qe4 Qxe4+ 53.
Kxe4 Kf7 54. Rxe8 54... Kxe8 $18) 49... Kf8 1-0

[Event "ICS rated blitz match"]
[Site "207.99.83.229"]
[Date "1999.06.30"]
[Round "?"]
[White "Hossa"]
[Black "R-172"]
[Result "1-0"]
[WhiteElo "2426"]
[BlackElo "2331"]
[PlyCount "61"]

1. d4 Nf6 2. Nc3 d5 3. Bg5 c5 4. dxc5 d4 5. Bxf6 gxf6 6. Ne4 f5 7. Ng3 Qa5+ 8.
Qd2 Qxc5 9. O-O-O Nc6 10. e3 dxe3 11. fxe3 Bh6 12. Re1 Bd7 13. Nf3 O-O-O 14.
Kb1 Be6 15. Qc1 Bxa2+ 16. Kxa2 Qa5+ 17. Kb1 Qa4 18. Nxf5 Rd5 19. b3 Qb4 20.
Nxh6 Ra5 21. Nxf7 Rf8 22. N7g5 h6 23. Nh7 Rxf3 24. gxf3 Qc3 25. Bh3+ Kb8 26.
Qb2 Qc5 27. Qh8+ Kc7 28. Qc8+ Kb6 29. Nf8 Qc3 30. Nd7+ Ka6 31. Bf1+ {
R-172 resigns} 1-0

[Event "ICS rated blitz match"]
[Site "207.99.83.229"]
[Date "1999.06.30"]
[Round "?"]
[White "Data"]
[Black "Hossa"]
[Result "1-0"]
[WhiteElo "2886"]
[BlackElo "2438"]
[PlyCount "46"]

1. e4 e5 2. Nf3 Nc6 3. Bc4 Nf6 4. d4 exd4 5. O-O Bc5 6. e5 d5 7. exf6 dxc4 8.
Re1+ Kf8 9. Bg5 gxf6 10. Bh6+ Kg8 11. Nc3 Bg4 12. Ne4 Bb4 13. c3 Ba5 14. Qd2 f5
15. Bg5 dxc3 16. Qf4 fxe4 17. Bxd8 Rxd8 18. Qxg4+ Kf8 19. Ng5 cxb2 20. Qf5 Rd7
21. Qxd7 Ne5 22. Qd8+ Kg7 23. Qe7 23... Kg6 {Hossa resigns} 1-0

[Event "ICS rated standard match"]
[Site "207.99.83.229"]
[Date "1999.06.30"]
[Round "?"]
[White "Hossa"]
[Black "cayest"]
[Result "1-0"]
[WhiteElo "2225"]
[BlackElo "1996"]
[PlyCount "23"]

1. d4 Nf6 2. Nc3 c5 3. d5 e6 4. e4 exd5 5. e5 Qe7 6. Nf3 d4 7. Nb5 Kd8 8. Be2
Ng4 9. Nd6 Nc6 10. Bf4 f6 11. exf6 Nxf6 12. Ng5 {cayest resigns} 1-0

[Event "ICS rated blitz match"]
[Site "207.99.83.229"]
[Date "1999.06.30"]
[Round "?"]
[White "Hossa"]
[Black "Krell"]
[Result "0-1"]
[WhiteElo "2436"]
[BlackElo "2515"]
[PlyCount "156"]

1. d4 Nf6 2. Nc3 d5 3. Bg5 Nbd7 4. e3 e6 5. Bd3 c5 6. Nf3 c4 7. Be2 Bb4 8. O-O
Bxc3 9. bxc3 Qa5 10. a4 Ne4 11. Bf4 Nxc3 12. Qe1 Nf6 13. Be5 Nfe4 14. Bxg7 Rg8
15. Bh6 Rg6 16. Bf4 Nxe2+ 17. Qxe2 Nc3 18. Qd2 Rg8 19. Ra3 b5 20. Bd6 b4 21.
Bxb4 Qxb4 22. Qxc3 Qxc3 23. Rxc3 Rb8 24. h4 Rb4 25. Ra1 f6 26. e4 dxe4 27. Nd2
Rg4 28. Rxc4 Rxc4 29. Nxc4 Ba6 30. Na5 Kd7 31. Nb3 Kd6 32. g3 Kd5 33. Rd1 Be2
34. Rd2 Bc4 35. Na5 Ba6 36. Kg2 f5 37. Rd1 Rg8 38. Kh3 Rc8 39. Rd2 Bf1+ 40. Kh2
Rc3 41. Nb7 Rc4 42. Kg1 Bh3 43. a5 Bg4 44. Nc5 Bf3 45. Kh2 e5 46. Nd7 Rxd4 47.
Nf6+ Kc4 48. Rxd4+ exd4 49. Ne8 Kc3 50. Nd6 Kxc2 51. Nxf5 d3 52. Ne3+ Kd2 53.
g4 Ke1 54. Kg3 a6 55. h5 d2 56. h6 Be2 57. Ng2+ Kf1 58. Ne3+ Kg1 59. g5 Bh5 60.
Kf4 Kxf2 61. Kxe4 Ke2 62. Kf4 Kd3 63. g6 Bxg6 64. Nd1 Bh5 65. Nf2+ Kd4 66. Kg3
Ke3 67. Kg2 Ke2 68. Kg3 Bf3 69. Nd1 Kxd1 70. Kxf3 Kc2 71. Kf4 d1=Q 72. Kg3 Qh5
73. Kf2 Kd2 74. Kg3 Ke3 75. Kg2 Qg4+ 76. Kf1 Qe2+ 77. Kg1 Kf3 78. Kh1 78...
Qg2# {Hossa checkmated} 0-1

[Event "ICS rated blitz match"]
[Site "207.99.83.229"]
[Date "1999.06.30"]
[Round "?"]
[White "Ebbi"]
[Black "Hossa"]
[Result "1-0"]
[WhiteElo "2394"]
[BlackElo "2424"]
[PlyCount "110"]

1. Nf3 Nf6 2. b3 g6 3. c4 Bg7 4. Bb2 O-O 5. g3 e5 6. Bxe5 Nc6 7. d4 Nxe5 8.
Nxe5 d6 9. Nf3 Bg4 10. Bg2 Qd7 11. Nc3 Bh3 12. O-O Bh6 13. e4 Rad8 14. Qe2 Rde8
15. e5 Bxg2 16. Kxg2 Bg7 17. Rad1 Qg4 18. h3 Qc8 19. Qd2 Nd7 20. exd6 cxd6 21.
Nb5 Qb8 22. Qf4 Re6 23. Rfe1 Rf6 24. Qh4 a6 25. Nc3 Rf5 26. g4 Ra5 27. a4 Bf6
28. Qg3 Rc8 29. Rc1 Nb6 30. b4 Rxa4 31. Nxa4 Nxa4 32. Qf4 Bg7 33. Re7 Rf8 34.
Qe4 b5 35. Qc6 Nb2 36. Rb7 Qa8 37. Ra1 bxc4 38. Rxa6 Qd8 39. Qxd6 Nd3 40. Qxd8
Rxd8 41. Raa7 Bxd4 42. Nxd4 Rxd4 43. Rxf7 Nf4+ 44. Kg3 Ne6 45. Rxh7 Rd3+ 46. f3
c3 47. Rhe7 Rd6 48. Re8+ Nf8 49. Rc8 Rb6 50. Raa8 Rf6 51. b5 Rf7 52. b6 c2 53.
Rxc2 Rb7 54. Rc6 Rf7 55. Rc7 55... g5 {Hossa resigns} 1-0

[Event "ICS Rated standard match"]
[Site "207.99.83.229"]
[Date "1999.07.01"]
[Round "?"]
[White "grshppr"]
[Black "Hossa"]
[Result "0-1"]
[WhiteElo "1858"]
[BlackElo "2232"]
[PlyCount "54"]

1. e4 c5 2. Nf3 d6 3. d3 Nf6 4. Be2 e5 5. O-O Be7 6. Bg5 O-O 7. Nc3 Nc6 8. a3
Nd4 9. Be3 Nxe2+ 10. Nxe2 Bg4 11. Nc3 d5 12. exd5 Nxd5 13. Nxd5 Qxd5 14. c4
Bxf3 15. cxd5 Bxd1 16. Rfxd1 Rfd8 17. b4 cxb4 18. axb4 Bxb4 19. Rxa7 Rxa7 20.
Bxa7 Rxd5 21. d4 Bc3 22. Kf1 exd4 23. Rd3 b5 24. Ke2 b4 25. Kd1 b3 26. Kc1 Ra5
27. Bxd4 27... Ra1# {grshppr checkmated} 0-1

[Event "ICS rated blitz match"]
[Site "207.99.83.229"]
[Date "1999.07.01"]
[Round "?"]
[White "DiepX"]
[Black "Hossa"]
[Result "1-0"]
[WhiteElo "2563"]
[BlackElo "2407"]
[PlyCount "70"]

1. e4 c5 2. Nf3 d6 3. d4 cxd4 4. Nxd4 Nf6 5. Nc3 Nc6 6. Be2 e5 7. Nf3 Be7 8.
O-O O-O 9. Bg5 Bg4 10. Bxf6 Bxf6 11. Nd5 Rc8 12. c3 Kh8 13. Qa4 Bh4 14. Rfd1 f5
15. exf5 Bxf3 16. Bxf3 Rxf5 17. Rf1 Qg5 18. Bg4 Bxf2+ 19. Kh1 Qh4 20. Qd1 Rcf8
21. Bxf5 Rxf5 22. Qd3 e4 23. Rae1 Rh5 24. h3 Re5 25. Qc2 Kg8 26. Rxf2 Rxd5 27.
Ref1 h6 28. Qb3 Ne7 29. Rf5 Nxf5 30. Qxd5+ Kh8 31. Rxf5 Qe7 32. Rf7 Qe8 33.
Qxb7 a5 34. Rxg7 Qf8 35. Rf7 35... Qg8 {Hossa resigns} 1-0

[Event "ICS rated blitz match"]
[Site "207.99.83.229"]
[Date "1999.07.01"]
[Round "?"]
[White "Hossa"]
[Black "josean"]
[Result "1-0"]
[WhiteElo "2398"]
[BlackElo "2120"]
[PlyCount "37"]

1. e4 c5 2. Nf3 d6 3. d4 cxd4 4. Nxd4 Nf6 5. Nc3 Nc6 6. Bg5 e6 7. Qd2 Be7 8.
O-O-O Nxd4 9. Qxd4 O-O 10. Bb5 Qa5 11. f4 a6 12. Be2 Bd7 13. e5 dxe5 14. Qxe5
Qb6 15. Ne4 Qe3+ 16. Kb1 Nxe4 17. Bxe7 Qxe2 18. Bxf8 Ba4 19. Qxg7# {
josean checkmated} 1-0

[Event "ICS Rated blitz match"]
[Site "207.99.83.229"]
[Date "1999.07.01"]
[Round "?"]
[White "DrHugoELO"]
[Black "Hossa"]
[Result "1-0"]
[WhiteElo "2159"]
[BlackElo "2403"]
[PlyCount "145"]

1. d4 f5 2. Nc3 e6 3. g3 d5 4. Bg2 Nf6 5. Nf3 Bb4 6. Bd2 O-O 7. O-O a6 8. Nb1
Bd6 9. Bg5 Nbd7 10. Nbd2 e5 11. dxe5 Nxe5 12. Nb3 c6 13. Qd4 Nxf3+ 14. Bxf3 Qe7
15. Rad1 f4 16. Kg2 Be5 17. Qc5 Qxc5 18. Nxc5 fxg3 19. hxg3 Bxb2 20. Rb1 Bd4
21. Nxb7 Bg4 22. Na5 Bxf3+ 23. exf3 Rac8 24. Rfd1 Bc3 25. Nb7 Ne8 26. Nc5 a5
27. Rd3 Bb4 28. Ne6 Rf5 29. f4 h6 30. Bh4 Kf7 31. Nd4 Rh5 32. f5 Nd6 33. Rf3 c5
34. c3 Bxc3 35. Nb5 Be5 36. Nxd6+ Bxd6 37. Rb5 a4 38. Ra5 Be7 39. Ra7 Rxh4 40.
gxh4 c4 41. Re3 Re8 42. Rxa4 Bxh4 43. Rxe8 Kxe8 44. Ra7 Bf6 45. Kf3 c3 46. Ke2
d4 47. Kd3 Kf8 48. f3 h5 49. Rb7 h4 50. a4 h3 51. a5 Bd8 52. a6 h2 53. Rb1 Bb6
54. Rh1 Ke7 55. Rxh2 Bc5 56. Ra2 Ba7 57. Ra5 Kf7 58. Rb5 Kf6 59. Rb7 c2 60.
Kxc2 Bc5 61. a7 Bxa7 62. Rxa7 g6 63. fxg6 Kf5 64. Kd3 Ke5 65. g7 Kf6 66. g8=Q
Ke5 67. Qg4 Kd6 68. Qxd4+ Ke6 69. Qe4+ Kd6 70. Ra5 Kd7 71. Qg6 Kd8 72. Ra7 Kc8
73. Qg8# {Hossa checkmated} 1-0

[Event "ICS rated blitz match"]
[Site "207.99.83.229"]
[Date "1999.07.01"]
[Round "?"]
[White "Hossa"]
[Black "DrHugoELO"]
[Result "1-0"]
[WhiteElo "2377"]
[BlackElo "2185"]
[PlyCount "59"]

1. e4 c6 2. d4 d5 3. Nc3 dxe4 4. Nxe4 Nf6 5. Nxf6+ gxf6 6. Nf3 Bf5 7. Bd3 Bg6
8. Bxg6 hxg6 9. O-O Nd7 10. d5 cxd5 11. Qxd5 Qc7 12. Be3 e6 13. Qb3 Bc5 14.
Bxc5 Nxc5 15. Qa3 O-O 16. Qe3 Kg7 17. Rad1 b6 18. Nd4 Rh8 19. f4 Rad8 20. Qf3
Rd5 21. c4 Rdh5 22. h3 Rh4 23. a3 a5 24. b4 axb4 25. axb4 Na6 26. f5 Qxc4 27.
fxg6 Rxd4 28. Qxf6+ Kh6 29. g7+ Kh7 30. gxh8=Q# {DrHugoELO checkmated} 1-0

[Event "ICS Rated standard match"]
[Site "207.99.83.229"]
[Date "1999.07.01"]
[Round "?"]
[White "Hossa"]
[Black "robbok1"]
[Result "1/2-1/2"]
[WhiteElo "2235"]
[BlackElo "2493"]
[PlyCount "131"]

1. e4 c5 2. Nf3 Nc6 3. d4 cxd4 4. Nxd4 e5 5. Nb5 d6 6. c4 Be7 7. N1c3 a6 8. Na3
Be6 9. Bd3 Bg5 10. O-O h6 11. f4 Qb6+ 12. Kh1 exf4 13. Nd5 Bxd5 14. cxd5 Ne5
15. Nc4 Nxc4 16. Bxc4 Nf6 17. Qa4+ Ke7 18. Qc2 Rac8 19. b3 Rhe8 20. Bxf4 Bxf4
21. Rxf4 Qe3 22. Raf1 b5 23. Qd3 Qxd3 24. Bxd3 Rf8 25. Rb1 Nd7 26. a4 Ne5 27.
Bf1 Rc2 28. axb5 axb5 29. Bxb5 Rb8 30. Ba4 Rb4 31. Kg1 Rc5 32. Rd1 g5 33. Rff1
Rxe4 34. Rd2 h5 35. h3 f6 36. Rdd1 h4 37. Rd2 Ng6 38. Rb1 Ne5 39. Kh2 Rb4 40.
Rf1 Rb8 41. Rd4 Rc2 42. b4 Rb2 43. b5 Rc8 44. Kh1 Rc3 45. Kg1 Re3 46. Bd1 Rxb5
47. Bc2 Rb2 48. Be4 Rbe2 49. Bf3 Rb2 50. Be4 Rbe2 51. Bf3 Ra2 52. Be4 Rea3 53.
Rb4 Ra7 54. Bf5 Rd2 55. Be4 Nd7 56. Kh2 Nc5 57. Bf3 Raa2 58. Re1+ Kf7 59. Rf1
f5 60. Rb6 Ke7 61. Rb4 Kf6 62. Rb8 Kg7 63. Rb4 Kf6 64. Rb8 Ke5 65. Rg8 Kf6 66.
Rb8 {Game drawn by repetition} 1/2-1/2

[Event "ICS rated blitz match"]
[Site "207.99.83.229"]
[Date "1999.07.01"]
[Round "?"]
[White "Hossa"]
[Black "knightcrawler"]
[Result "1-0"]
[WhiteElo "2385"]
[BlackElo "2003"]
[PlyCount "41"]

1. e4 e5 2. Nf3 Nc6 3. Bc4 Nf6 4. d4 exd4 5. O-O Nxe4 6. Re1 d5 7. Bxd5 Qxd5 8.
Nc3 Qa5 9. Nxe4 Be6 10. Neg5 O-O-O 11. Nxe6 fxe6 12. Rxe6 Bd6 13. Qd3 Qh5 14.
c3 dxc3 15. Qxc3 Nd4 16. Nxd4 Qxh2+ 17. Kf1 Qh1+ 18. Ke2 Qxg2 19. Qf3 Qg1 20.
Qh3 Kb8 21. Nf3 {knightcrawler resigns} 1-0

[Event "ICS Rated blitz match"]
[Site "207.99.83.229"]
[Date "1999.07.01"]
[Round "?"]
[White "Hossa"]
[Black "Pikulis"]
[Result "1-0"]
[WhiteElo "2388"]
[BlackElo "2183"]
[PlyCount "65"]

1. e4 c5 2. Nf3 Nc6 3. d4 cxd4 4. Nxd4 g6 5. Nc3 Bg7 6. Be3 Nf6 7. Bc4 d6 8.
Nxc6 bxc6 9. O-O O-O 10. Qf3 Bb7 11. Rad1 Qc7 12. Qf4 Rac8 13. Qg5 c5 14. Qh4
Rfe8 15. Bh6 Bh8 16. Bb5 Bc6 17. a4 Qb6 18. b3 a6 19. Bxc6 Qxc6 20. Rd2 Nd7 21.
Nd5 e6 22. Ne7+ Rxe7 23. Qxe7 Bf6 24. Qxd6 Qxd6 25. Rxd6 Nf8 26. Bxf8 Kxf8 27.
Rxa6 c4 28. b4 Bc3 29. b5 Bb4 30. Rb1 Rd8 31. Rc6 c3 32. b6 Ba3 33. b7 {
Pikulis resigns} 1-0

[Event "ICS Rated blitz match"]
[Site "207.99.83.229"]
[Date "1999.07.01"]
[Round "?"]
[White "Beadle"]
[Black "Hossa"]
[Result "0-1"]
[WhiteElo "2635"]
[BlackElo "2413"]
[PlyCount "138"]

1. e4 c5 2. Nf3 Nc6 3. d4 cxd4 4. Nxd4 e5 5. Nb5 d6 6. c4 Be7 7. N1c3 a6 8. Na3
Be6 9. Be3 Rc8 10. Be2 Nf6 11. O-O O-O 12. Rc1 Nb4 13. Qa4 a5 14. Kh1 Ng4 15.
Bxg4 Bxg4 16. b3 Nd3 17. Rc2 f5 18. Qb5 fxe4 19. Qd5+ Kh8 20. Nxe4 Nb4 21. Qxb7
Rb8 22. Qa7 Nxc2 23. Nxc2 Bf5 24. Nxd6 Bxd6 25. Ne1 Bb1 26. c5 Bc7 27. a4 Rxb3
28. Bg5 Bb8 29. Qe7 Qxe7 30. Bxe7 Rf4 31. Nf3 Rxa4 32. Nd2 Bd3 33. Nxb3 Bxf1
34. Bd6 Ba7 35. h3 Ra2 36. Bxe5 Bc4 37. Nd4 Bxc5 38. f3 Bxd4 39. Bxd4 Bf1 40.
g3 Bxh3 41. f4 a4 42. Be5 Rd2 43. Bc3 Rd3 44. Be5 Rd1+ 45. Kh2 Bg4 46. Kg2 a3
47. Bc3 h5 48. Kf2 Kg8 49. Ke3 Kf7 50. Kf2 a2 51. Ke3 a1=Q 52. Bxa1 Rxa1 53.
Kf2 Ra2+ 54. Ke3 Ra3+ 55. Kf2 g5 56. fxg5 Rxg3 57. Kxg3 Kg6 58. Kh4 Bf5 59. Kg3
Kxg5 60. Kf2 Kf4 61. Ke1 Ke3 62. Kd1 h4 63. Kc1 h3 64. Kb2 Kd4 65. Kb3 h2 66.
Ka3 h1=Q 67. Ka4 Kc4 68. Ka5 Qh6 69. Ka4 69... Qa6# {Beadle checkmated} 0-1

[Event "ICS Rated blitz match"]
[Site "207.99.83.229"]
[Date "1999.07.01"]
[Round "?"]
[White "Hossa"]
[Black "Beadle"]
[Result "0-1"]
[WhiteElo "2438"]
[BlackElo "2610"]
[PlyCount "56"]

1. e4 c6 2. d4 d5 3. Nc3 dxe4 4. Nxe4 Nf6 5. Nxf6+ exf6 6. c3 Bd6 7. Bd3 O-O 8.
Ne2 Qc7 9. Qc2 h6 10. h3 Be6 11. O-O Re8 12. Qd2 Nd7 13. Nf4 Nb6 14. Nxe6 Rxe6
15. c4 Rae8 16. b3 Kh8 17. c5 Bh2+ 18. Kh1 Nd5 19. Bb2 Bf4 20. Qd1 Qa5 21. Bc4
Kg8 22. Qg4 Bc7 23. Qf5 Qd2 24. Bxd5 cxd5 25. Rab1 Re1 26. Kg1 Rxb1 27. Qxb1
Bg3 28. fxg3 28... Re2 {Hossa resigns} 0-1

[Event "ICS rated bullet match"]
[Site "207.99.83.229"]
[Date "1999.07.01"]
[Round "?"]
[White "Hossa"]
[Black "Beadle"]
[Result "1-0"]
[WhiteElo "2473"]
[BlackElo "2439"]
[PlyCount "143"]

1. e4 c6 2. d4 d5 3. Nc3 dxe4 4. Nxe4 Nf6 5. Nxf6+ exf6 6. c3 Bd6 7. Bd3 O-O 8.
Ne2 Qc7 9. Qc2 h6 10. h3 Be6 11. O-O Nd7 12. f4 Kh8 13. f5 Bd5 14. c4 Bxg2 15.
Kxg2 b6 16. Nf4 Rfe8 17. Kg1 Re7 18. Qd1 Rae8 19. Qh5 Bb4 20. Ne2 Rxe2 21. Bf4
Bd6 22. Bxd6 Qxd6 23. Bxe2 Qxd4+ 24. Kh1 Qxb2 25. Bf3 Ne5 26. Bg2 Rd8 27. Rfd1
Rd4 28. Bf1 c5 29. Qe2 Qxe2 30. Bxe2 Re4 31. Re1 Rf4 32. Rf1 Rh4 33. Kh2 Nxc4
34. Kg3 Re4 35. Bxc4 Rxc4 36. Rf4 Rc3+ 37. Rf3 Rc2 38. Ra3 Rd2 39. Rxa7 Rd3+
40. Kg2 Rd2+ 41. Kg1 Rd3 42. Re1 Rg3+ 43. Kh2 Rf3 44. Rb1 Rxf5 45. Rxb6 Rf2+
46. Kg3 Rd2 47. Rbb7 Rd3+ 48. Kg2 Rd2+ 49. Kg1 Rd5 50. Rxf7 Rg5+ 51. Kh2 Kg8
52. Rfc7 Kh7 53. a4 c4 54. Rxc4 h5 55. Rc1 Kh6 56. Rg1 Rxg1 57. Kxg1 g6 58. Rf7
Kg5 59. a5 Kf5 60. a6 Ke6 61. Rg7 f5 62. Rxg6+ Kf7 63. Rg5 Kf6 64. Rxh5 Kg6 65.
Rxf5 Kxf5 66. Kf2 Kg5 67. Ke3 Kh4 68. a7 Kxh3 69. a8=Q Kh4 70. Kf4 Kh5 71. Qa6
Kh4 72. Qh6# {Beadle checkmated} 1-0

[Event "ICS rated blitz match"]
[Site "207.99.83.229"]
[Date "1999.07.01"]
[Round "?"]
[White "Beadle"]
[Black "Hossa"]
[Result "1-0"]
[WhiteElo "2619"]
[BlackElo "2429"]
[PlyCount "124"]

1. e4 c5 2. Nf3 d6 3. d4 cxd4 4. Qxd4 a6 5. Bg5 Nc6 6. Qd2 Bg4 7. Qc3 Rc8 8.
Nbd2 Bxf3 9. Nxf3 Ne5 10. Qb3 Nxf3+ 11. gxf3 Qd7 12. O-O-O e6 13. Rg1 Ne7 14.
Kb1 Ng6 15. Bd2 Be7 16. Bc3 O-O 17. f4 Qc6 18. f5 exf5 19. exf5 Qf3 20. Bd3 Ne5
21. f6 Qxf6 22. Qxb7 Rxc3 23. bxc3 Nxd3 24. Rxd3 Qxf2 25. Rh1 Re8 26. a4 a5 27.
Qb5 Ra8 28. Qb7 Qa7 29. Qxa7 Rxa7 30. Re1 Kf8 31. Rd5 g6 32. c4 Ra6 33. Rb5 Bh4
34. Re3 Bf2 35. Rh3 Kg7 36. Rd3 Bc5 37. Rb7 Ra8 38. Rf3 Rf8 39. Kc1 h6 40. c3
h5 41. h4 Kg8 42. Kc2 f5 43. Rg3 Rf6 44. Rb5 f4 45. Rf3 Kf7 46. Kd3 Rf5 47. Ke4
Be3 48. Rxf5+ gxf5+ 49. Kxf5 Ke7 50. Rf1 Kf7 51. Rd1 Ke7 52. Rd5 Kd7 53. Ke4
Bf2 54. Rxh5 Bg3 55. Rxa5 Bxh4 56. Ra7+ Kc6 57. Rf7 Bg3 58. a5 Bf2 59. Kxf4 d5
60. cxd5+ Kb5 61. d6 Bg1 62. d7 62... Bh2+ {Hossa resigns} 1-0